000
00340nam a2200145Ia 4500
008
230718s9999 xx 000 0 und d
041
_a
Eng.
082
_a
346.0525491
_b
NAD-T
100
_a
nadeem shokhat
245
4
_a
the sale of act
260
_a
Pakistan
_b
legal research center
_c
2017
300
_a
626
650
_a
Law
999
_c
32999
_d
32999